000 00366nam a22001577a 4500
003 OSt
008 250905b |||||||| |||| 00| 0 eng d
020 _a9789350026762
082 _a351.092 SES
100 _aSEN,Sankar
245 _aStalwarts of Indian Police
250 _a1st Rep
260 _aNew Delhi
_bAakar Books
_c2021
300 _a144
942 _2ddc
_cREF
999 _c13717
_d13717